00488 a2200169 450000100060000002000150000604000240002110000330004524000350007824500300011330000070014336200090015065000310015994200070019095201040019799900170030170387 a8590684504 cAnchieta - Itaigara aSantos, Ana Lúcia de Souza10aHistórias da vovó Analpor10aHistórias da vovó Ana a590 a2006 4aLiteratura infanto-juvenil cBK 00104070a88.1b88.1d2023-11-21l0o028.5 SAN HISp3746/ITAr2023-11-21 20:05:22w2023-11-21yBK c70387d70387